[Event "Moscow-chT"]
[Site "Moscow"]
[Date "2014.09.27"]
[Round "1.2"]
[White "Zimin, Alexey"]
[Black "Golynsky, Yuri"]
[Result "1-0"]
[WhiteElo "2244"]
[BlackElo "2115"]
[PlyCount "43"]
[EventDate "2014.09.27"]
[EventType "team-tourn"]
[EventRounds "11"]
[EventCountry "RUS"]
[SourceTitle "CBM 162 Extra"]
[Source "ChessBase"]
[SourceDate "2014.10.17"]
[SourceVersion "1"]
[SourceVersionDate "2014.10.17"]
[SourceQuality "1"]
[WhiteTeam "MSU"]
[BlackTeam "Navigator"]
[WhiteTeamCountry "RUS"]
[BlackTeamCountry "RUS"]

1. e4 c6 2. d4 d5 3. f3 dxe4 4. fxe4 e5 5. Nf3 exd4 6. Bc4 Be7 7. 0-0 Nf6 8. Ng5 0-0 9. Nxf7 Rxf7 10. Bxf7+ Kxf7 11. e5 Kg8 12. exf6 Bxf6 13. Qe2 Nd7 14. Nd2 Ne5 15. Ne4 Be7 16. Qh5 Ng6 17. Ng5 Bxg5 18. Qxg5 Qb6 19. h4 Bd7 20. h5 Nf8 21. Qe7 Re8 22. Qf7+ 1-0

[Event "Moscow-chT GpA"]
[Site "Moscow"]
[Date "2013.09.29"]
[Round "6.2"]
[White "Golynsky, Yuri"]
[Black "Gansvind, Valeriya I"]
[Result "0-1"]
[WhiteElo "2119"]
[BlackElo "2246"]
[PlyCount "124"]
[EventDate "2013.09.21"]
[EventType "team-swiss"]
[EventRounds "7"]
[EventCountry "RUS"]
[SourceTitle "CBM 156 Extra"]
[Source "ChessBase"]
[SourceDate "2013.10.22"]
[SourceVersion "1"]
[SourceVersionDate "2013.10.22"]
[SourceQuality "1"]
[WhiteTeam "Navigator"]
[BlackTeam "Andrei Kalinichev"]
[WhiteTeamCountry "RUS"]
[BlackTeamCountry "RUS"]

1. e4 c5 2. b3 e6 3. Bb2 a6 4. g3 d6 5. f4 Qc7 6. d3 b5 7. c4 bxc4 8. dxc4 Bb7 9. Bg2 Nf6 10. Qe2 Nc6 11. Nf3 Rd8 12. 0-0 Be7 13. Nc3 Nd4 14. Qd3 0-0 15. Kh1 Nxf3 16. Bxf3 Rfe8 17. Rad1 Bf8 18. Kg1 Nd7 19. Bg2 Bc6 20. Qd2 Nf6 21. Qe2 Qb7 22. g4 g6 23. g5 Nh5 24. Nb1 a5 25. Nd2 a4 26. Bh3 axb3 27. axb3 Ra8 28. Ra1 Rxa1 29. Bxa1 Ra8 30. f5 exf5 31. exf5 Nf4 32. Qe3 Nxh3+ 33. Qxh3 Rxa1 34. Rxa1 Qe7 35. Qg3 Qe2 36. Nf1 gxf5 37. Re1 Qb2 38. Ne3 Be4 39. Nd5 Bxd5 40. cxd5 Qd4+ 41. Qe3 Qxd5 42. Rf1 Qe4 43. Qxe4 fxe4 44. Rd1 Kg7 45. Kf2 f5 46. Ke3 Kf7 47. h4 Be7 48. Kf4 Ke6 49. h5 d5 50. g6 hxg6 51. hxg6 Bf6 52. Rg1 Bg7 53. Rh1 d4 54. Ra1 Bh6+ 55. Kg3 d3 56. Ra6+ Ke5 57. Ra8 f4+ 58. Kf2 f3 59. Rh8 d2 60. Rd8 Kf4 61. Rd7 e3+ 62. Kg1 e2 0-1

[Event "Moscow-ch sf"]
[Site "Moscow"]
[Date "2011.03.20"]
[Round "5"]
[White "Golynsky, Yuri"]
[Black "Mesropov, Konstantin Eduard"]
[Result "1/2-1/2"]
[WhiteElo "2136"]
[BlackElo "2434"]
[PlyCount "82"]
[EventDate "2011.03.13"]
[EventType "swiss"]
[EventRounds "9"]
[EventCountry "RUS"]
[SourceTitle "CBM 141 Extra"]
[Source "ChessBase"]
[SourceDate "2011.05.03"]
[SourceVersion "1"]
[SourceVersionDate "2011.05.03"]
[SourceQuality "1"]

1. e4 e6 2. d3 c5 3. g3 Nc6 4. Bg2 g6 5. Nf3 Bg7 6. 0-0 Nge7 7. Re1 d6 8. Nbd2 0-0 9. Nf1 e5 10. c3 b6 11. Ne3 h6 12. Nh4 Kh7 13. f4 exf4 14. gxf4 f5 15. exf5 gxf5 16. Qh5 Bd7 17. Nf3 Qe8 18. Qh3 Qg6 19. Kh1 Rae8 20. Bd2 Kh8 21. Nh4 Qf7 22. Bf3 Nd8 23. Nhg2 Bc6 24. Nc4 Bxf3 25. Qxf3 Qf6 26. a4 Ng6 27. Qd5 Nf7 28. Rxe8 Rxe8 29. Re1 Rxe1+ 30. Bxe1 Kh7 31. h3 Ne7 32. Qb7 Qe6 33. Qxa7 Nd5 34. Bg3 Ng5 35. fxg5 f4 36. Nxf4 Nxf4 37. Bxf4 Qxh3+ 38. Bh2 Qf1+ 39. Bg1 Qh3+ 40. Bh2 Qf1+ 41. Bg1 d5 1/2-1/2

[Event "Moscow-ch sf"]
[Site "Moscow"]
[Date "2011.03.15"]
[Round "2"]
[White "Tilicheev, Viacheslav"]
[Black "Golynsky, Yuri"]
[Result "1-0"]
[WhiteElo "2336"]
[BlackElo "2136"]
[PlyCount "79"]
[EventDate "2011.03.13"]
[EventType "swiss"]
[EventRounds "9"]
[EventCountry "RUS"]
[SourceTitle "CBM 141 Extra"]
[Source "ChessBase"]
[SourceDate "2011.05.03"]
[SourceVersion "1"]
[SourceVersionDate "2011.05.03"]
[SourceQuality "1"]

1. d4 d5 2. c4 e6 3. Nf3 Nf6 4. g3 Bb4+ 5. Bd2 Be7 6. Bg2 0-0 7. 0-0 Ne4 8. Qc2 c6 9. Nc3 Nxd2 10. Nxd2 Nd7 11. cxd5 exd5 12. a3 Bf6 13. e3 Nb6 14. b4 g6 15. Qb3 Bf5 16. Rfc1 Rc8 17. a4 Be6 18. a5 Nd7 19. Na4 b6 20. axb6 axb6 21. b5 c5 22. Bxd5 Bxd5 23. Qxd5 cxd4 24. exd4 Rxc1+ 25. Rxc1 Qa8 26. Qxa8 Rxa8 27. Rc4 Ra5 28. Ne4 Be7 29. Nec3 Ra7 30. Nd5 Bd6 31. Naxb6 Nxb6 32. Nxb6 Ra1+ 33. Kg2 Rb1 34. Rc8+ Kg7 35. Nc4 Be7 36. b6 Rb5 37. d5 Bc5 38. b7 Ba7 39. Nd6 Rb2 40. Ra8 1-0

[Event "Zvenigorod Autumn op-B"]
[Site "Zvenigorod"]
[Date "2008.09.29"]
[Round "8"]
[White "Golynsky, Yuri"]
[Black "Shaydullina, Sandugach"]
[Result "1-0"]
[WhiteElo "2172"]
[BlackElo "2291"]
[PlyCount "127"]
[EventDate "2008.09.25"]
[EventType "swiss"]
[EventRounds "9"]
[EventCountry "RUS"]
[SourceTitle "EXT 2022"]
[Source "ChessBase"]
[SourceDate "2021.10.06"]
[SourceVersion "1"]
[SourceVersionDate "2021.10.06"]
[SourceQuality "1"]

1. e4 c5 2. Nf3 Nc6 3. d3 e6 4. g3 d5 5. Nbd2 g6 6. Bg2 Bg7 7. 0-0 Nge7 8. Re1 0-0 9. e5 Qc7 10. Qe2 b6 11. Nf1 a5 12. Bf4 a4 13. a3 Ba6 14. Qd2 Nf5 15. c3 Na5 16. Rad1 Nb3 17. Qc2 h6 18. h4 b5 19. N1d2 Nxd2 20. Qxd2 Kh7 21. d4 cxd4 22. Nxd4 Nxd4 23. Qxd4 Qc4 24. Qe3 Rfe8 25. Bf1 Qc6 26. Qf3 Kg8 27. Bd3 Rad8 28. Bb1 Bb7 29. Rd4 Re7 30. Qe3 f6 31. Bxg6 Rf8 32. Qe2 Bc8 33. Qh5 fxe5 34. Bxe5 Rf5 35. Bxf5 exf5 36. f4 Kh7 37. Kf2 Rxe5 38. fxe5 Be6 39. Qe2 Bf8 40. Qd3 Bc5 41. g4 Bxd4+ 42. cxd4 Qc8 43. Rg1 Kh8 44. g5 h5 45. g6 Kg7 46. Qc3 Qd8 47. Rg5 f4 48. Qc6 Qe7 49. Qd6 Qa7 50. Kg2 f3+ 51. Kxf3 Bg4+ 52. Kg3 Qd7 53. Qf6+ Kg8 54. Qf7+ Qxf7 55. gxf7+ Kxf7 56. Rxg4 hxg4 57. Kxg4 Kg6 58. h5+ Kf7 59. Kf5 Ke7 60. h6 Kf7 61. e6+ Kg8 62. Kg6 Kf8 63. h7 Ke7 64. Kf5 1-0